| 000 | 00588nam a2200181Ia 4500 | ||
|---|---|---|---|
| 008 | 100921s9999 xx 000 0 und d | ||
| 082 |
_b37407 _a891.463 न 03 |
||
| 100 | _aकदम बाबा. | ||
| 245 | _aभालू. | ||
| 260 |
_bदिलिपराज प्रकाशन,पुणे. _c2003 |
||
| 300 |
_a196 _bमयुरेष बुक एजन्सी,कराड |
||
| 365 | _b150 | ||
| 520 | _aललित-कादंबरी. | ||
| 630 | _aभालू. | ||
| 650 | _aललित-कादंबरी. | ||
| 730 | _aभालू. | ||
| 942 | _cBOOK | ||
| 999 |
_c786520 _d786517 |
||